00289pab a2200121 454500008004000000100001900040245004200059260000900101300000900110362001100119650002200130773001500152180718b1986 xxu||||| |||| 00| 0 eng d aSardesai, S.G. aPunjabbImperative of patriotic unity c1986 a6,35 a2 Aug. aPunjab - Politics aMainstream